000 02051cam a2200385 a 4500
001 ocm53995394
003 OCoLC
005 20250827094237.0
008 040108s2003 coua j b 001 0 eng d
020 _a0972482709
020 _a9780972482707
035 _a(OCoLC)53995394
040 _erda
043 _an-us-ut
049 _aWACL
050 4 _aGV854.5.U8
_bC374 2003
082 0 4 _a979.214
092 _alocal collection
_b979.214 Case, Kristen Gould
100 1 _aCase, Kristen Gould.
_96551449
245 1 0 _aDeer Valley :
_bthe quest for excellence /
_cby Kristen Gould Case.
260 _aBoulder, Colo. :
_bMountain Sports Press,
_c2003.
264 _aBoulder, Colo. :
_bMountain Sports Press,
_c2003.
300 _a216 pages :
_billustrations ;
_c32 cm
336 _atext
337 _aunmediated
338 _avolume
504 _aIncludes bibliographical references and index.
520 _a"Deer Valley is a moderate-sized resort operating on less than 2,000 acres — yet it is ranked by many as North America’s top resort for its impeccable service, award-winning food, luxurious rooms, and velvety slopes. This book traces Deer Valley’s rise to the top from its founding in 1981, when skeptics scoffed at the idea that skiers would pay to be pampered, to its well-publicized role as venue for the 2002 Olympic Winter Games slalom and freestyle events. One chapter details the life of Deer Valley Director of Skiing Stein Eriksen, the Norwegian Olympic gold medalist who became an icon for the sport. This beautifully produced coffee-table book is illustrated throughout with spectacular photos, illuminating the success behind this luxurious ski resort."
610 2 0 _aDeer Valley ski area (Resort)
_vPictorial works.
_96551450
650 0 _aSki resorts
_zUtah
_zDeer Valley
_vPictorial works.
_96551452
650 7 _aSki resorts
_2fast
651 0 _aDeer Valley (Utah)
_vPictorial works.
_96551451
655 7 _aIllustrated works
_2fast
_95735598
942 _2ddc
_cBOOK
999 _c411183
_d411183